| 000 | 00386nam a22001577a 4500 | ||
|---|---|---|---|
| 005 | 20150225130154.0 | ||
| 008 | 150225b xxu||||| |||| 00| 0 eng d | ||
| 020 | _a0094577900 | ||
| 040 | _cPK-LaUMT | ||
| 082 |
_aKHC 956.010924 _bHIN-S |
||
| 100 | _aHindley, Geoffrey | ||
| 245 |
_aSaladin _cGeoffrey hindley |
||
| 260 |
_aLondon _bConstable _c1976 |
||
| 300 | _a208 p. | ||
| 942 | _cBK | ||
| 999 |
_c66547 _d66547 |
||